000 00690nam a2200241Ia 4500
005 20260430150436.0
008 008 250103s9999 xx 000 0 eng d
037 _aTheses
040 _aCRL
040 _beng
040 _ceng
041 _2eng
041 _aeng
084 _qCRL
100 _aKaur Gurjot Au.; Kar Rabi Narayan Gu.
_91237516
245 0 _aBase Erosion & Profit Shifting & Indian Tax Policy Practice & Compliance in Selected MNE’s in India
260 _c2022
300 _a184p.
650 _aCommerce
700 _aUniversity of Delhi. Faculty of Commerce and Business Studies. Deptt. of commerce
_91237511
942 _cTH
999 _c1849788
_d1849788